000
00265nam a2200121Ia 4500
008
190216s9999||||xx |||||||||||||| ||und||
100
_a
Kannan K
245
0
_a
Operations Research
260
_b
Anuradha Agencies
300
_a
290
650
_a
Commerce
942
_c
BK
999
_c
7096
_d
7096